Capitales d'Amérique du Nord - Carte - Statistiques

Statistiques générales
  • Ce quiz a été pris 590 fois
    581 depuis la dernière actualisation
  • Le résultat moyen est 13 sur 23
Réponses sur la Carte
Les réponses sont colorées sur une échelle allant du rouge au vert en fonction du pourcentage des utilisateurs qui les ont devinées à leur premier essai. Vous pouvez retrouver ces pourcentages ci-dessous.
 
Statistiques - réponses
Capitale % Correct
Mexico
98%
Washington
98%
Ottawa
92%
Panama
76%
La Havane
74%
Guatemala
69%
San Salvador
64%
Kingston
63%
Kingstown
63%
Port-au-Prince
60%
Saint Domingue
58%
San Jose
55%
Nassau
50%
Tegucigalpa
50%
Belmopan
47%
Managua
45%
Port-d'Espagne
44%
Basseterre
38%
Castries
38%
Roseau
37%
Bridgetown
35%
Saint-Georges
35%
Saint-John's
35%
Aucun quiz correspondant
Distribution des résultats
% des personnes avec chaque résultat
Percentile par nombre de réponses
Votre historique - résultats
Vous n’avez pas pris ce quiz depuis la dernière actualisation